[Event "39th Pan-American U20"]
[Site "Asuncion PAR"]
[Date "2014.06.22"]
[Round "3.7"]
[White "Crespo Hidalgo, Carlos"]
[Black "Mendoza, Rodrigo"]
[Result "1/2-1/2"]
[WhiteElo "2172"]
[BlackElo "2155"]
[EventDate "2014.06.21"]
[PlyCount "76"]

1.d4 d5 2.c4 c6 3.cxd5 cxd5 4.Nc3 Nf6 5.Nf3 e6 6.Bf4 Bd6 7.Bxd6 Qxd6 8.e3 
a6 9.Bd3 Nbd7 10.a3 O-O 11.O-O b5 12.b4 Bb7 13.Nd2 Rac8 14.Rc1 Nb6 15.Nb3 
Nc4 16.Nc5 Ba8 17.a4 bxa4 18.N3xa4 Rb8 19.Rb1 Rfc8 20.Qe2 Bc6 21.Nb2 a5 
22.e4 Nxb2 23.e5 Qd8 24.Rxb2 Ne4 25.b5 Nc3 26.Qc2 Nxb5 27.Bxh7+ Kh8 28.Bg6
Qe7 29.Rb3 Nxd4 30.Rh3+ Kg8 31.Bh7+ Kf8 32.Bg6 Qg5 33.Qd3 Qxe5 34.Qa3 Qd6 
35.Nxe6+ Ke7 36.Nxd4 Qxa3 37.Rxa3 fxg6 38.Rxa5 Kd6 1/2-1/2

[Event "39th Pan-American U20"]
[Site "Asuncion PAR"]
[Date "2014.06.22"]
[Round "3.9"]
[White "Queiroz, Alberto Becker"]
[Black "Beroiz, Julian"]
[Result "1/2-1/2"]
[WhiteElo "2136"]
[BlackElo "1895"]
[EventDate "2014.06.21"]
[PlyCount "80"]

1.e4 d6 2.d4 Nf6 3.Nc3 e5 4.Nge2 Nbd7 5.g3 Be7 6.Bg2 O-O 7.O-O c6 8.h3 Re8
9.Be3 Bf8 10.Re1 a5 11.Qd2 exd4 12.Bxd4 Nc5 13.Nf4 Ne6 14.Nxe6 Bxe6 15.
Rad1 Nd7 16.f4 f6 17.Qf2 Qc7 18.b3 Be7 19.g4 Rf8 20.Be3 Rae8 21.Ne2 Nc5 
22.Nd4 Bc8 23.Nf5 Bxf5 24.exf5 Bd8 25.Bd4 Qb8 26.a3 Bc7 27.b4 Nd7 28.Re6 
d5 29.Be3 Rf7 30.Re1 Rfe7 31.Bd4 Qd8 32.Qe3 Bd6 33.g5 Nf8 34.gxf6 Rxe6 35.
fxe6 Rxe6 36.Qf2 Rxe1+ 37.Qxe1 gxf6 38.Qh4 axb4 39.axb4 Bxb4 40.Bxf6 Qe8 
1/2-1/2

[Event "39th Pan-American U20"]
[Site "Asuncion PAR"]
[Date "2014.06.22"]
[Round "3.10"]
[White "Heinechen, Juan"]
[Black "Squella Lavin, Carlos Felipe"]
[Result "1-0"]
[WhiteElo "1767"]
[BlackElo "2136"]
[EventDate "2014.06.21"]
[PlyCount "79"]

1.e4 e6 2.d4 d5 3.e5 c5 4.c3 Nc6 5.Nf3 Qb6 6.a3 Nh6 7.b4 cxd4 8.cxd4 Nf5 
9.Be3 Be7 10.Bd3 O-O 11.Nc3 Nxe3 12.fxe3 f6 13.exf6 Bxf6 14.h4 Qc7 15.Ne2 
e5 16.Qb3 Qf7 17.O-O exd4 18.Ng5 Qe7 19.Bxh7+ Kh8 20.Nf4 Bxg5 21.Ng6+ Kxh7
22.Nxe7 Bxe7 23.Rxf8 Bxf8 24.exd4 Be6 25.Rf1 g6 26.Qe3 Bf5 27.h5 Bg7 28.
hxg6+ Bxg6 29.Qh3+ Kg8 30.Qe6+ Kh7 31.Rf4 Bxd4+ 32.Kh1 Rg8 33.b5 Kg7 34.
Qd7+ Kh6 35.bxc6 Be5 36.Rh4+ Kg5 37.Qg4+ Kf6 38.cxb7 d4 39.Qf3+ Ke6 40.
Qb3+ 1-0

[Event "39th Pan-American U20"]
[Site "Asuncion PAR"]
[Date "2014.06.22"]
[Round "3.11"]
[White "Benitez Galeano, Alejandro"]
[Black "Avalos, Mathias"]
[Result "0-1"]
[WhiteElo "1654"]
[BlackElo "1637"]
[EventDate "2014.06.21"]
[PlyCount "132"]

1.e4 c5 2.c3 d5 3.exd5 Qxd5 4.d4 e6 5.Nf3 Nf6 6.Be2 Be7 7.Na3 O-O 8.Nc2 
Nc6 9.O-O b6 10.dxc5 Bxc5 11.Ne3 Qxd1 12.Rxd1 Bb7 13.b4 Be7 14.Bb2 Rfd8 
15.Nc2 Rac8 16.Ncd4 Nxd4 17.Nxd4 Nd5 18.Rac1 Bf6 19.Bf3 Ba8 20.a3 Nf4 21.
Bxa8 Rxa8 22.Kf1 Bxd4 23.Rxd4 Rxd4 24.cxd4 Nd5 25.Ke2 Kf8 26.Rc4 Ke7 27.a4
Kd7 28.Ba3 Rc8 29.Rxc8 Kxc8 30.Kd2 a6 31.g3 Kd7 32.Kd3 Kd6 33.Ke4 b5 34.a5
Nf6+ 35.Kd3 Ng4 36.f3 Nxh2 37.Ke2 Kd5 38.Bc1 Kxd4 39.Bd2 e5 40.Be3+ Kd5 
41.Bg1 Kc4 42.Bc5 f5 43.Kf2 e4 44.fxe4 fxe4 45.Ke3 Kd5 46.Ba7 Ng4+ 47.Ke2 
Kc4 48.Bc5 Ne5 49.Bf8 g6 50.Ke3 Nc6 51.Kxe4 Nxb4 52.Bxb4 Kxb4 53.Kd3 Kxa5 
54.Kc3 h5 55.Kb3 g5 56.Kc3 h4 57.gxh4 gxh4 58.Kb3 h3 59.Ka3 h2 60.Kb3 h1=Q
61.Ka3 Qc1+ 62.Ka2 b4 63.Kb3 Qc3+ 64.Ka2 b3+ 65.Kb1 Qc2+ 66.Ka1 Qa2# 0-1

[Event "39th Pan-American U20"]
[Site "Asuncion PAR"]
[Date "2014.06.23"]
[Round "4.1"]
[White "Leiva, Giuseppe"]
[Black "Carneiro, Vitor Roberto Castr"]
[Result "1/2-1/2"]
[WhiteElo "2405"]
[BlackElo "2245"]
[EventDate "2014.06.21"]
[PlyCount "127"]

1.d4 Nf6 2.Nf3 g6 3.Bg5 Bg7 4.Nbd2 O-O 5.c3 d6 6.e4 c5 7.d5 h6 8.Bh4 e6 9.
dxe6 Bxe6 10.Bc4 Bxc4 11.Bxf6 Qxf6 12.Nxc4 Qe6 13.Qd3 Nc6 14.O-O b5 15.Ne3
Rab8 16.Rfe1 Rfd8 17.Nd5 Ne7 18.Rad1 Nxd5 19.Qxd5 a5 20.Re2 a4 21.a3 b4 
22.cxb4 cxb4 23.axb4 Rxb4 24.e5 Rbb8 25.Qxe6 fxe6 26.Red2 Rdc8 27.Rxd6 
Rxb2 28.Ra6 Rcc2 29.Rxa4 Rxf2 30.Rg4 g5 31.h4 Rfe2 32.Rd8+ Kf7 33.Rd7+ Kg6
34.hxg5 Rb1+ 35.Kh2 Bxe5+ 36.Nxe5+ Rxe5 37.gxh6+ Kxh6 38.Rd3 Rg5 39.Re4 
Rb6 40.Rde3 Rg6 41.g4 Rf6 42.Kg3 Kg6 43.Ra3 Rf1 44.Rae3 Rf6 45.Kh4 Rc6 46.
Re5 Rc8 47.Rg5+ Kh6 48.Ree5 Rg6 49.Rh5+ Kg7 50.Rc5 Rxc5 51.Rxc5 Rf6 52.Kh5
Rf8 53.Rc7+ Kg8 54.Re7 Rb8 55.g5 e5 56.Kh6 e4 57.Rxe4 Ra8 58.Re6 Rb8 59.
Kg6 Ra8 60.Rd6 Rb8 61.Kf6 Ra8 62.Kg6 Rb8 63.Kf6 Ra8 64.Kg6 1/2-1/2

[Event "39th Pan-American U20"]
[Site "Asuncion PAR"]
[Date "2014.06.23"]
[Round "4.2"]
[White "Principe, Alexander"]
[Black "Vazquez, Guillermo"]
[Result "1-0"]
[WhiteElo "2250"]
[BlackElo "2330"]
[EventDate "2014.06.21"]
[PlyCount "79"]

1.e4 c5 2.Nf3 e6 3.d4 cxd4 4.Nxd4 Nc6 5.Nc3 Qc7 6.Be3 a6 7.Qd2 Nf6 8.O-O-O
Bb4 9.f3 O-O 10.g4 b5 11.Be2 Bb7 12.g5 Ne8 13.Nb3 Ne5 14.Qd4 Bxc3 15.Qxc3 
Qxc3 16.bxc3 f6 17.Na5 Bc8 18.f4 Nf7 19.h4 d6 20.Rhg1 Bd7 21.Kb2 Nd8 22.
gxf6 Rxf6 23.e5 Rf8 24.Bf3 Rc8 25.exd6 Nf7 26.Bb7 Rb8 27.Ba7 Nexd6 28.Bxb8
Rxb8 29.Bc6 Bc8 30.h5 Kf8 31.Ka3 Nf5 32.Be4 Rb6 33.Kb4 Ne3 34.Rd3 Nd5+ 35.
Bxd5 exd5 36.Rxd5 Rf6 37.Rd4 Rh6 38.c4 Rxh5 39.c5 Rf5 40.c6 1-0

[Event "39th Pan-American U20"]
[Site "Asuncion PAR"]
[Date "2014.06.23"]
[Round "4.3"]
[White "Blandon Villa, Diego F"]
[Black "Henriquez Villagra, Cristobal"]
[Result "1-0"]
[WhiteElo "2220"]
[BlackElo "2459"]
[EventDate "2014.06.21"]
[PlyCount "107"]

1.e4 c5 2.Nf3 d6 3.d4 cxd4 4.Nxd4 Nf6 5.Nc3 Nc6 6.Bg5 e6 7.Qd2 a6 8.O-O-O 
h6 9.Be3 Be7 10.f4 Nxd4 11.Qxd4 Qc7 12.h3 O-O 13.g4 e5 14.Qd2 b5 15.Rg1 
Bb7 16.Bg2 Rac8 17.Kb1 Qc4 18.Nd5 Bxd5 19.exd5 Nd7 20.Bf1 Qc7 21.c3 exf4 
22.Bxf4 Qd8 23.Bd3 Rc5 24.Bxh6 Ne5 25.Be3 Nf3 26.Qf2 Nxg1 27.Bxc5 dxc5 28.
Qxg1 g6 29.Be4 Qd6 30.Qf2 b4 31.cxb4 cxb4 32.Rf1 Kg7 33.h4 Qf6 34.Qxf6+ 
Bxf6 35.h5 Re8 36.Bf3 Re3 37.Kc2 Be5 38.Bd1 Rh3 39.Rf2 a5 40.Bf3 a4 41.Kd3
Bxb2 42.Rxb2 Rxf3+ 43.Ke4 Rg3 44.Kf4 a3 45.Rd2 Rc3 46.d6 b3 47.axb3 Rxb3 
48.d7 a2 49.Rxa2 Rd3 50.Ra7 gxh5 51.gxh5 Kf6 52.h6 Kg6 53.Ke5 f6+ 54.Ke4 
1-0

[Event "39th Pan-American U20"]
[Site "Asuncion PAR"]
[Date "2014.06.23"]
[Round "4.4"]
[White "Avalos, Mathias"]
[Black "Diaz Rosas, Julio Cesar"]
[Result "0-1"]
[WhiteElo "1637"]
[BlackElo "2290"]
[EventDate "2014.06.21"]
[PlyCount "53"]

1.d4 d5 2.c4 e6 3.Nc3 c6 4.Nf3 dxc4 5.a4 Bb4 6.e3 b5 7.Bd2 a5 8.Ne5 Nf6 9.
axb5 Bxc3 10.Bxc3 cxb5 11.b3 Bb7 12.bxc4 b4 13.Bd2 O-O 14.f3 Nbd7 15.Nxd7 
Nxd7 16.Bd3 e5 17.O-O Nc5 18.Qb1 Nxd3 19.Qxd3 Qc7 20.Rfc1 Rfc8 21.Qb3 Qd6 
22.Rxa5 Rxa5 23.Bxb4 Qb6 24.Rb1 Raa8 25.d5 Ba6 26.c5 Qb5 27.Qc3 0-1

[Event "39th Pan-American U20"]
[Site "Asuncion PAR"]
[Date "2014.06.23"]
[Round "4.5"]
[White "Cori Quispe, Kevin"]
[Black "Heinechen, Juan"]
[Result "1-0"]
[WhiteElo "2211"]
[BlackElo "1767"]
[EventDate "2014.06.21"]
[PlyCount "91"]

1.d4 d5 2.c4 c6 3.Nc3 Nf6 4.Nf3 e6 5.e3 Nbd7 6.Qc2 Be7 7.Be2 dxc4 8.Bxc4 
b5 9.Be2 a6 10.a4 b4 11.Ne4 Nxe4 12.Qxe4 Bb7 13.O-O Nf6 14.Qf4 O-O 15.Rd1 
c5 16.dxc5 Qa5 17.Bd2 Bxc5 18.Ne5 Bd6 19.Nc4 Qd5 20.Qf3 Qxc4 21.Bxc4 Bxf3 
22.gxf3 Be7 23.a5 Ra7 24.e4 Bc5 25.Be3 Nd7 26.Bxc5 Nxc5 27.Rd6 Rc8 28.b3 
Kf8 29.Rb6 Rcc7 30.Rxb4 Rcb7 31.Rxb7 Rxb7 32.Ra3 g5 33.Kf1 Kg7 34.Ke2 Kf6 
35.Kd2 Ke5 36.Kc3 Ra7 37.b4 Nd7 38.b5 axb5 39.Bxb5 Nb8 40.Kb4 Kd6 41.a6 
Nc6+ 42.Bxc6 Kxc6 43.Ka5 Kc7 44.Rc3+ Kb8 45.Kb6 Rd7 46.e5 1-0

[Event "39th Pan-American U20"]
[Site "Asuncion PAR"]
[Date "2014.06.23"]
[Round "4.6"]
[White "Mendoza, Rodrigo"]
[Black "Arias, Daniel"]
[Result "1/2-1/2"]
[WhiteElo "2155"]
[BlackElo "2196"]
[EventDate "2014.06.21"]
[PlyCount "104"]

1.Nf3 Nf6 2.c4 g6 3.Nc3 Bg7 4.g3 O-O 5.Bg2 d6 6.O-O Nc6 7.d4 a6 8.h3 Rb8 
9.e4 b5 10.a3 bxc4 11.Qa4 Rb6 12.Qxc4 Nb8 13.d5 c5 14.dxc6 Rxc6 15.Qe2 Rc5
16.Rd1 Bb7 17.Nd4 Nbd7 18.Nb3 Rc7 19.Be3 Rxc3 20.bxc3 Bxe4 21.Bxe4 Nxe4 
22.Bd4 Nxc3 23.Bxc3 Bxc3 24.Rac1 Bf6 25.Qxa6 Qa8 26.Qxa8 Rxa8 27.Nd2 Rxa3 
28.Ne4 Kg7 29.Rc7 Ne5 30.Kg2 Ra4 31.Nc3 Rc4 32.Nd5 e6 33.Rxc4 Nxc4 34.Ne3 
d5 35.Nxc4 dxc4 36.Rd7 c3 37.Kf3 Bg5 38.Rc7 Bd2 39.Ke2 g5 40.g4 Kg6 41.Kd3
h6 42.f3 Be1 43.Ke2 Bd2 44.Kd3 Kf6 45.Ke4 Kg6 46.Kd3 Kf6 47.Ke4 Kg6 48.Kd3
h5 49.Rc8 hxg4 50.hxg4 Kf6 51.Rc5 Kg6 52.Ke4 Kf6 1/2-1/2

[Event "39th Pan-American U20"]
[Site "Asuncion PAR"]
[Date "2014.06.23"]
[Round "4.7"]
[White "Villalba, Marcelo"]
[Black "Cantero, Rodolfo"]
[Result "1-0"]
[WhiteElo "2195"]
[BlackElo "1722"]
[EventDate "2014.06.21"]
[PlyCount "77"]

1.d4 Nf6 2.c4 e6 3.Nc3 Bb4 4.g3 O-O 5.Bg2 d5 6.Nf3 b6 7.O-O Bb7 8.Qb3 Be7 
9.Rd1 Nbd7 10.Bg5 c6 11.cxd5 cxd5 12.e3 h6 13.Bxf6 Nxf6 14.Bf1 a6 15.a4 
Rc8 16.Rac1 Qd6 17.Rc2 Qb4 18.Nd2 Qxb3 19.Nxb3 a5 20.Rdc1 Nd7 21.f3 f5 22.
Bb5 Nf6 23.h3 h5 24.h4 Kf7 25.Kf2 Rg8 26.Nd2 g5 27.hxg5 Rxg5 28.Ne2 Rgg8 
29.Rc7 Rxc7 30.Rxc7 Ba8 31.Nf4 Rh8 32.Nb3 Rb8 33.Nc1 Ne8 34.Bxe8+ Rxe8 35.
Ncd3 Kf6 36.Ne5 Bd8 37.Rh7 Re7 38.Nxh5+ Kg5 39.f4# 1-0

[Event "39th Pan-American U20"]
[Site "Asuncion PAR"]
[Date "2014.06.23"]
[Round "4.8"]
[White "Bueno Gauna, Cristian Alejandr"]
[Black "Queiroz, Alberto Becker"]
[Result "1/2-1/2"]
[WhiteElo "2052"]
[BlackElo "2136"]
[EventDate "2014.06.21"]
[PlyCount "102"]

1.e4 c6 2.d4 d5 3.e5 Bf5 4.Nf3 e6 5.Be2 Ne7 6.O-O Nd7 7.Nbd2 Rc8 8.Nb3 Bg6
9.Bd2 Nf5 10.Na5 Qb6 11.Nb3 Qc7 12.g4 Ne7 13.Bb4 h5 14.h3 hxg4 15.hxg4 Be4
16.Bd3 Ng6 17.Bxf8 Kxf8 18.Re1 Nf6 19.Nc5 Bxd3 20.Qxd3 Nf4 21.Qa3 Kg8 22.
exf6 gxf6 23.Qe3 Rh3 24.Nd3 Ng6 25.Kg2 Rh7 26.Rh1 Rxh1 27.Rxh1 Kf8 28.g5 
Qe7 29.gxf6 Qxf6 30.Qg5 Ke7 31.Qxf6+ Kxf6 32.Nfe5 Ne7 33.Rh7 Rg8+ 34.Kf3 
Rg7 35.Rh6+ Kg5 36.Rh1 Nf5 37.c3 f6 38.Rg1+ Kh6 39.Rxg7 Kxg7 40.Nd7 Kf7 
41.Nf4 b6 42.Nh5 Ke7 43.Ndxf6 c5 44.dxc5 bxc5 45.Ng4 Kd6 46.Kf4 a5 47.Ng3 
Nh4 48.Kg5 Nf3+ 49.Kf6 a4 50.Nh6 d4 51.cxd4 cxd4 1/2-1/2

[Event "39th Pan-American U20"]
[Site "Asuncion PAR"]
[Date "2014.06.23"]
[Round "4.9"]
[White "Barros Rivadeneira, Cristhian"]
[Black "Crespo Hidalgo, Carlos"]
[Result "1-0"]
[WhiteElo "2323"]
[BlackElo "2172"]
[EventDate "2014.06.21"]
[PlyCount "55"]

1.c4 e6 2.d4 f5 3.g3 Nf6 4.Bg2 c6 5.Nf3 d5 6.O-O Bd6 7.Nc3 O-O 8.Qb3 Nbd7 
9.Ng5 Qe7 10.f3 h6 11.Nh3 dxc4 12.Qxc4 Nb6 13.Qb3 Kh7 14.f4 Bd7 15.e4 Bc7 
16.Nf2 Rfd8 17.Re1 Nxe4 18.Ncxe4 fxe4 19.Nxe4 Nd5 20.Qc2 Kh8 21.b3 b6 22.
Bb2 Be8 23.Nf2 Qd7 24.Rac1 Qd6 25.Bh3 Bd7 26.Nd3 Re8 27.Ne5 Nb4 28.Nf7+ 
1-0

[Event "39th Pan-American U20"]
[Site "Asuncion PAR"]
[Date "2014.06.23"]
[Round "4.10"]
[White "Beroiz, Julian"]
[Black "Aizpurua, Patrick"]
[Result "1-0"]
[WhiteElo "1895"]
[BlackElo "2178"]
[EventDate "2014.06.21"]
[PlyCount "69"]

1.e4 e6 2.d4 d5 3.Nd2 Be7 4.Ngf3 Nf6 5.e5 Nfd7 6.Bd3 c5 7.c3 Nc6 8.O-O g5 
9.dxc5 Ndxe5 10.Bb5 Nd7 11.Nd4 Qc7 12.N2f3 h6 13.Re1 g4 14.Nd2 h5 15.Qc2 
Nf6 16.b4 h4 17.Nf1 Rh5 18.Nxc6 bxc6 19.Bf4 Qb7 20.Bd3 Kf8 21.Re5 Rxe5 22.
Bxe5 Nd7 23.Qe2 f6 24.Bf4 f5 25.Qxe6 Nf6 26.Qe5 Ne4 27.Bxe4 dxe4 28.Qh8+ 
Kf7 29.Qh5+ Ke6 30.Ne3 Bf6 31.Qe8+ Be7 32.Qg8+ Kf6 33.Rd1 Bd7 34.Bg5+ Ke5 
35.Nc4# 1-0

[Event "39th Pan-American U20"]
[Site "Asuncion PAR"]
[Date "2014.06.23"]
[Round "4.11"]
[White "Squella Lavin, Carlos Felipe"]
[Black "Benitez Galeano, Alejandro"]
[Result "1-0"]
[WhiteElo "2136"]
[BlackElo "1654"]
[EventDate "2014.06.21"]
[PlyCount "107"]

1.d4 Nf6 2.c4 c5 3.d5 b5 4.cxb5 a6 5.bxa6 g6 6.Nc3 Bxa6 7.Nf3 Bg7 8.g3 d6 
9.Bg2 O-O 10.O-O Nbd7 11.Rb1 Qa5 12.Bd2 Rfb8 13.b3 Bb7 14.Qc2 Qb6 15.e4 
Ba6 16.Rfd1 Ng4 17.Be1 Nge5 18.Nxe5 Nxe5 19.a4 Qc7 20.Na2 Qa7 21.Nc1 Rc8 
22.Bc3 Bb7 23.Bh3 Rc7 24.Bf1 Ba6 25.Bxe5 Bxe5 26.Bc4 Bxc4 27.Qxc4 Qa6 28.
Qxa6 Rxa6 29.Nd3 Bd4 30.Ne1 Rb7 31.Nc2 Bf6 32.Na3 Rb4 33.Nc4 Ra8 34.f3 Bc3
35.Rdc1 Bf6 36.Kf1 Rab8 37.Na5 R8b6 38.Rc4 Rxc4 39.Nxc4 Rb8 40.Na5 Bc3 41.
Nc6 Rb7 42.a5 Kf8 43.Ke2 Ke8 44.Kd3 Bf6 45.f4 Kd7 46.a6 Rb6 47.a7 Rxc6 48.
dxc6+ Kxc6 49.a8=Q+ Kd7 50.e5 dxe5 51.Qd5+ Ke8 52.fxe5 Kf8 53.exf6 e6 54.
Qd8# 1-0

[Event "39th Pan-American U20"]
[Site "Asuncion PAR"]
[Date "2014.06.24"]
[Round "5.1"]
[White "Leiva, Giuseppe"]
[Black "Principe, Alexander"]
[Result "1/2-1/2"]
[WhiteElo "2405"]
[BlackElo "2250"]
[EventDate "2014.06.21"]
[PlyCount "38"]

1.d4 Nf6 2.g3 g6 3.Bg2 Bg7 4.e4 d6 5.Ne2 O-O 6.O-O c5 7.c3 Nc6 8.a4 Qb6 9.
d5 Ne5 10.Na3 Qa6 11.Nb5 Ne8 12.f4 Bd7 13.Rb1 Bxb5 14.axb5 Qa2 15.Qc2 Nc4 
16.Qd3 Qb3 17.Qd1 Qa2 18.Qd3 Qb3 19.Qd1 Qa2 1/2-1/2

[Event "39th Pan-American U20"]
[Site "Asuncion PAR"]
[Date "2014.06.24"]
[Round "5.2"]
[White "Carneiro, Vitor Roberto Castr"]
[Black "Blandon Villa, Diego F"]
[Result "0-1"]
[WhiteElo "2245"]
[BlackElo "2220"]
[EventDate "2014.06.21"]
[PlyCount "38"]

1.e4 c6 2.d4 d5 3.Nc3 dxe4 4.Nxe4 Nd7 5.Ng5 Ngf6 6.Bd3 e6 7.N1f3 Bd6 8.Qe2
h6 9.Ne4 Nxe4 10.Qxe4 Nf6 11.Qh4 Rg8 12.O-O g5 13.Nxg5 hxg5 14.Bxg5 Be7 
15.c4 c5 16.Be3 Bd7 17.Rfd1 Bc6 18.Bf1 Bf3 19.Rd3 Nh5 0-1

[Event "39th Pan-American U20"]
[Site "Asuncion PAR"]
[Date "2014.06.24"]
[Round "5.3"]
[White "Henriquez Villagra, Cristobal"]
[Black "Cori Quispe, Kevin"]
[Result "1-0"]
[WhiteElo "2459"]
[BlackElo "2211"]
[EventDate "2014.06.21"]
[PlyCount "67"]

1.d4 Nf6 2.c4 g6 3.g3 Bg7 4.Bg2 d5 5.cxd5 Nxd5 6.e4 Nb6 7.Ne2 c5 8.d5 e6 
9.O-O O-O 10.Nec3 exd5 11.exd5 Na6 12.a4 Nc4 13.Nd2 Ne5 14.Nde4 c4 15.Bg5 
f6 16.Be3 Bg4 17.f3 Bf5 18.b3 Qa5 19.Bd4 Rfd8 20.bxc4 Rac8 21.Rb1 Qc7 22.
c5 Bxe4 23.Nxe4 f5 24.Nd6 Nxc5 25.Bxe5 Rxd6 26.Bxd6 Qxd6 27.f4 Re8 28.Kh1 
b6 29.Re1 Ne4 30.Bxe4 fxe4 31.Rb3 Qc5 32.Rbe3 Rd8 33.Rxe4 Rxd5 34.Qb3 1-0

[Event "39th Pan-American U20"]
[Site "Asuncion PAR"]
[Date "2014.06.24"]
[Round "5.4"]
[White "Vazquez, Guillermo"]
[Black "Villalba, Marcelo"]
[Result "1/2-1/2"]
[WhiteElo "2330"]
[BlackElo "2195"]
[EventDate "2014.06.21"]
[PlyCount "56"]

1.e4 e5 2.Nf3 Nc6 3.Bb5 a6 4.Ba4 Nf6 5.O-O Nxe4 6.d4 b5 7.Bb3 d5 8.dxe5 
Be6 9.Be3 Bc5 10.Bxc5 Nxc5 11.h3 O-O 12.c3 Nxb3 13.axb3 Bf5 14.Nd4 Nxd4 
15.Qxd4 Bxb1 16.Rfxb1 a5 17.Qc5 Qd7 18.Ra3 Ra6 19.Rd1 c6 20.c4 Rd8 21.Qd4 
Qb7 22.Rda1 Qc7 23.cxb5 cxb5 24.b4 a4 25.Rc3 Rc6 26.Rxc6 Qxc6 27.Rd1 g6 
28.Kh2 Qc4 1/2-1/2

[Event "39th Pan-American U20"]
[Site "Asuncion PAR"]
[Date "2014.06.24"]
[Round "5.5"]
[White "Diaz Rosas, Julio Cesar"]
[Black "Mendoza, Rodrigo"]
[Result "1-0"]
[WhiteElo "2290"]
[BlackElo "2155"]
[EventDate "2014.06.21"]
[PlyCount "69"]

1.d4 d5 2.c4 c6 3.Nf3 Nf6 4.Qc2 Nbd7 5.g3 e6 6.Bg2 Be7 7.O-O O-O 8.Rd1 b6 
9.Nc3 Ba6 10.b3 Qc8 11.e4 dxc4 12.Bg5 h6 13.e5 hxg5 14.Nxg5 Rd8 15.exf6 
Nxf6 16.h4 Qc7 17.Nb1 cxb3 18.axb3 Bb7 19.Nc3 a6 20.Bf3 c5 21.d5 e5 22.h5 
Rab8 23.Ra4 b5 24.Rh4 e4 25.Bxe4 Nxe4 26.Ncxe4 Rxd5 27.Rxd5 Bxd5 28.h6 
Bxg5 29.Nxg5 Qe5 30.Qh7+ Kf8 31.hxg7+ Ke7 32.Ne4 Qa1+ 33.Kg2 Qe5 34.Rf4 
Kd7 35.f3 1-0

[Event "39th Pan-American U20"]
[Site "Asuncion PAR"]
[Date "2014.06.24"]
[Round "5.6"]
[White "Barros Rivadeneira, Cristhian"]
[Black "Bueno Gauna, Cristian Alejandr"]
[Result "0-1"]
[WhiteElo "2323"]
[BlackElo "2052"]
[EventDate "2014.06.21"]
[PlyCount "146"]

1.e4 c5 2.Nf3 d6 3.d4 cxd4 4.Nxd4 Nf6 5.Nc3 a6 6.Be3 Ng4 7.Bc1 Nf6 8.f3 e5
9.Nb3 Be6 10.Be3 h5 11.Qd2 Nbd7 12.a4 Rc8 13.a5 Qc7 14.Be2 Be7 15.O-O O-O 
16.f4 exf4 17.Rxf4 Ng4 18.Bxg4 hxg4 19.Qe2 Ne5 20.Nd4 Qc4 21.Qe1 Bg5 22.
Nxe6 Qxe6 23.Rf5 Bxe3+ 24.Qxe3 Rc5 25.Qd4 Nc6 26.Qf2 Rxf5 27.exf5 Qe5 28.
Rd1 Qxa5 29.f6 Qc5 30.Ne4 Qxf2+ 31.Kxf2 Rd8 32.fxg7 d5 33.Rxd5 Rxd5 34.
Nf6+ Kxg7 35.Nxd5 Kg6 36.c3 Ne5 37.Ke2 Kf5 38.Nb6 Ke4 39.b3 f5 40.Nc8 Kd5 
41.Ke3 Ng6 42.g3 Kc6 43.Kd4 Kc7 44.Na7 Kb8 45.Kd5 Kxa7 46.Ke6 f4 47.gxf4 
Nxf4+ 48.Kf5 Nd5 49.Kxg4 a5 50.c4 Ne3+ 51.Kg5 Nxc4 52.h4 Nd6 53.h5 b5 54.
Kg6 a4 55.bxa4 b4 56.h6 b3 57.h7 b2 58.h8=Q b1=Q+ 59.Kg7 Qb7+ 60.Kg6 Qg2+ 
61.Kh7 Qh3+ 62.Kg7 Qc3+ 63.Kh7 Qh3+ 64.Kg7 Nf5+ 65.Kg8 Ne7+ 66.Kg7 Qc3+ 
67.Kh7 Qd3+ 68.Kg7 Qd4+ 69.Kh7 Qe4+ 70.Kg7 Qe5+ 71.Kh7 Qh5+ 72.Kg7 Nf5+ 
73.Kg8 Qe8+ 0-1

[Event "39th Pan-American U20"]
[Site "Asuncion PAR"]
[Date "2014.06.24"]
[Round "5.7"]
[White "Arias, Daniel"]
[Black "Beroiz, Julian"]
[Result "1/2-1/2"]
[WhiteElo "2196"]
[BlackElo "1895"]
[EventDate "2014.06.21"]
[PlyCount "84"]

1.e4 e5 2.Nf3 Nc6 3.Bb5 f5 4.d3 fxe4 5.dxe4 Nf6 6.Qd3 Bc5 7.Nc3 Qe7 8.Bg5 
Nb4 9.Qe2 c6 10.Bc4 a5 11.a3 Na6 12.Nxe5 Qxe5 13.f4 Qd4 14.e5 d5 15.exf6+ 
Kf7 16.fxg7 Kxg7 17.Bxa6 Re8 18.Qxe8 Qf2+ 19.Kd1 Bg4+ 20.Qe2 Bxe2+ 21.Bxe2
Re8 22.Rf1 Qxg2 23.Bd3 Be3 24.Nb1 c5 25.Bh4 c4 26.Be2 Bxf4 27.Bf2 Qxh2 28.
Nc3 d4 29.Bxd4+ Kh6 30.Re1 Rd8 31.Nb5 Be3 32.c3 Bg5 33.a4 Qf4 34.Rh1+ Kg6 
35.Bh5+ Kf5 36.Ke2 Re8+ 37.Bxe8 Qe4+ 38.Kf2 Qf4+ 39.Ke2 Qe4+ 40.Kf2 Qf4+ 
41.Kg2 Qg4+ 42.Kf2 Qf4+ 1/2-1/2

[Event "39th Pan-American U20"]
[Site "Asuncion PAR"]
[Date "2014.06.24"]
[Round "5.8"]
[White "Queiroz, Alberto Becker"]
[Black "Avalos, Mathias"]
[Result "1-0"]
[WhiteElo "2136"]
[BlackElo "1637"]
[EventDate "2014.06.21"]
[PlyCount "91"]

1.e4 c5 2.Nf3 Nc6 3.Bb5 d6 4.O-O Bd7 5.Re1 Nf6 6.h3 g6 7.c3 Bg7 8.d4 cxd4 
9.cxd4 O-O 10.Nc3 a6 11.Bf1 b5 12.Bg5 Ne8 13.a4 Nc7 14.axb5 axb5 15.Rxa8 
Qxa8 16.d5 Ne5 17.Bxe7 Qa6 18.Nxe5 Bxe5 19.Bxf8 Kxf8 20.Qd2 Qb6 21.Kh1 b4 
22.Nd1 Qd4 23.Qxd4 Bxd4 24.b3 Nb5 25.Bxb5 Bxb5 26.Ne3 Ke7 27.f3 Bc3 28.Rc1
Kd7 29.Nd1 Bd4 30.g3 Bd3 31.Kg2 f5 32.Nf2 Bxf2 33.Kxf2 fxe4 34.Ke3 Bb5 35.
Kxe4 h6 36.Ra1 Kc7 37.Ra7+ Kb6 38.Rg7 g5 39.f4 gxf4 40.gxf4 Be2 41.f5 Bd1 
42.f6 Kc5 43.f7 Bxb3 44.f8=Q Bxd5+ 45.Ke3 Bc6 46.Rg6 1-0

[Event "39th Pan-American U20"]
[Site "Asuncion PAR"]
[Date "2014.06.24"]
[Round "5.9"]
[White "Cantero, Rodolfo"]
[Black "Squella Lavin, Carlos Felipe"]
[Result "0-1"]
[WhiteElo "1722"]
[BlackElo "2136"]
[EventDate "2014.06.21"]
[PlyCount "86"]

1.e4 e6 2.d4 d5 3.Nc3 Bb4 4.Ne2 Nc6 5.a3 Ba5 6.e5 Nge7 7.Bg5 h6 8.Bh4 g5 
9.Bg3 Nf5 10.f3 f6 11.exf6 Qxf6 12.Bf2 Bb6 13.Na4 Bxd4 14.Nxd4 Nfxd4 15.
Qd3 e5 16.Rc1 Bf5 17.Qc3 O-O 18.Bxd4 Nxd4 19.Bd3 Bxd3 20.cxd3 c6 21.Nc5 
Qf4 22.Qd2 Qxd2+ 23.Kxd2 b6 24.Nd7 Rfd8 25.Nxe5 Nb3+ 26.Ke3 Nxc1 27.Rxc1 
c5 28.d4 Rac8 29.Kd3 cxd4 30.Nc6 Kh7 31.b4 a6 32.a4 Re8 33.b5 axb5 34.axb5
Re3+ 35.Kxd4 Rb3 36.Kxd5 Rxb5+ 37.Kd6 Rb2 38.Kd7 Rg8 39.Ne5 Rxg2 40.Ng4 
Rg6 41.Ke7 Re2+ 42.Kf8 h5 43.Rc7+ Kh8 0-1

[Event "39th Pan-American U20"]
[Site "Asuncion PAR"]
[Date "2014.06.24"]
[Round "5.10"]
[White "Heinechen, Juan"]
[Black "Crespo Hidalgo, Carlos"]
[Result "0-1"]
[WhiteElo "1767"]
[BlackElo "2172"]
[EventDate "2014.06.21"]
[PlyCount "102"]

1.e4 c6 2.d4 d5 3.Nc3 dxe4 4.Nxe4 Bf5 5.Ng3 Bg6 6.h4 h6 7.Nf3 Nd7 8.h5 Bh7
9.Bd3 Bxd3 10.Qxd3 Qc7 11.Bd2 e6 12.O-O-O O-O-O 13.Kb1 Ngf6 14.Ne4 Nxe4 
15.Qxe4 Bd6 16.c4 Nf6 17.Qc2 c5 18.Bc3 cxd4 19.Bxd4 Bc5 20.Be5 Qb6 21.
Rxd8+ Rxd8 22.Bg3 Ng4 23.Rf1 Qc6 24.a3 Qd7 25.Ne5 Nxe5 26.Bxe5 f6 27.Bc3 
e5 28.f3 Qf7 29.Qf5+ Kc7 30.Bxe5+ Bd6 31.Bc3 b6 32.Rc1 Re8 33.g4 Be5 34.c5
b5 35.c6 Bxc3 36.Qxb5 Rb8 37.Qxb8+ Kxb8 38.Rxc3 Kc7 39.b4 f5 40.Kb2 fxg4 
41.fxg4 Qf4 42.Kb3 Qxg4 43.Rc5 Qd1+ 44.Kb2 Qd3 45.a4 g5 46.hxg6 Qxg6 47.b5
Qd3 48.Rc3 Qd4 49.Kb3 h5 50.a5 h4 51.Rc4 Qd1+ 0-1

[Event "39th Pan-American U20"]
[Site "Asuncion PAR"]
[Date "2014.06.24"]
[Round "5.11"]
[White "Aizpurua, Patrick"]
[Black "Benitez Galeano, Alejandro"]
[Result "1-0"]
[WhiteElo "2178"]
[BlackElo "1654"]
[EventDate "2014.06.21"]
[PlyCount "61"]

1.c4 Nf6 2.g3 e6 3.d4 d5 4.Nf3 c5 5.cxd5 exd5 6.Bg2 Be7 7.O-O O-O 8.Nc3 
Nc6 9.Bg5 c4 10.b3 Qa5 11.Qc2 b5 12.Bxf6 Bxf6 13.Nxd5 Bxd4 14.Rad1 cxb3 
15.Qxc6 Rb8 16.Nxd4 bxa2 17.Qd6 Bb7 18.Ne7+ Kh8 19.Bxb7 Rxb7 20.Ng6+ hxg6 
21.Qxf8+ Kh7 22.Nf3 b4 23.Rd8 g5 24.Qh8+ Kg6 25.Rd6+ f6 26.Qe8+ Kh6 27.g4 
g6 28.Qh8+ Rh7 29.Qf8+ Rg7 30.Rd7 a1=N 31.Qxg7# 1-0

[Event "39th Pan-American U20"]
[Site "Asuncion PAR"]
[Date "2014.06.25"]
[Round "6.1"]
[White "Principe, Alexander"]
[Black "Blandon Villa, Diego F"]
[Result "1/2-1/2"]
[WhiteElo "2250"]
[BlackElo "2220"]
[EventDate "2014.06.21"]
[PlyCount "59"]

1.e4 c5 2.Nf3 d6 3.d4 cxd4 4.Nxd4 Nf6 5.Nc3 g6 6.Be3 Bg7 7.f3 O-O 8.Bc4 
Nc6 9.Qd2 Bd7 10.Bb3 Rc8 11.O-O-O Nxd4 12.Bxd4 b5 13.Nd5 Nxd5 14.Bxg7 Kxg7
15.exd5 a5 16.a3 b4 17.axb4 axb4 18.Qxb4 Kg8 19.Rhe1 Re8 20.Rd4 Rb8 21.Qd2
Qb6 22.Kd1 Bb5 23.Ree4 Qa7 24.Ke1 Qa1+ 25.Kf2 Qxb2 26.Rh4 Qa1 27.Kg3 Bd7 
28.Kf2 Bb5 29.Kg3 Bd7 30.Kf2 1/2-1/2